[Event "XIII Festival A"]
[Site "Trieste ITA"]
[Date "2011.09.04"]
[Round "2"]
[White "Mocchi, Tullio"]
[Black "Chatalbashev, Boris"]
[WhiteElo "2259"]
[BlackElo "2566"]
[Result "0-1"]
[PlyCount "82"]
[EventDate "2011.09.03"]

1. e4 g6 2. d4 Bg7 3. Nf3 d6 4. c3 Nf6 5. Nbd2 O-O 6. Bd3 c5 7. h3 Nh5 8. Nb3
Qc7 9. Qe2 e5 10. O-O exd4 11. cxd4 Be6 12. Bc4 Re8 13. Re1 Bxc4 14. Qxc4 Nd7
15. Bd2 Rac8 16. Rac1 Nhf6 17. Qc2 c4 18. Na5 b5 19. b4 d5 20. e5 Ne4 21. Rxe4
dxe4 22. Qxe4 Nb6 23. Qh4 Qe7 24. Qe4 Qd7 25. Qh4 Qe7 26. Qe4 f6 27. Nc6 Qd7
28. Na5 fxe5 29. dxe5 Bxe5 30. Qc2 Bg7 31. Be3 Nd5 32. Bc5 Nf4 33. Rd1 Qf7 34.
Ng5 Qf5 35. Qxf5 gxf5 36. Be3 Nd3 37. a3 Re7 38. Nf3 Bb2 39. Nd4 f4 40. Nf5 Re5
41. Nh6+ Kg7 0-1

[Event "XIII Festival A"]
[Site "Trieste ITA"]
[Date "2011.09.04"]
[Round "2"]
[White "Narayanan, Srinath"]
[Black "Golod, Vitali"]
[WhiteElo "2336"]
[BlackElo "2579"]
[Result "1-0"]
[PlyCount "83"]
[EventDate "2011.09.03"]

1. e4 e5 2. Nf3 Nc6 3. Bb5 a6 4. Ba4 Nf6 5. O-O Be7 6. Re1 b5 7. Bb3 d6 8. c3
O-O 9. h3 Nb8 10. d4 Nbd7 11. Nbd2 Bb7 12. Bc2 Re8 13. Nf1 Bf8 14. Bg5 h6 15.
Bh4 Qc8 16. N3d2 d5 17. dxe5 Nxe4 18. f4 Ndc5 19. Ng3 Nxg3 20. Bxg3 Qd7 21. Bf2
Rad8 22. b3 b4 23. cxb4 Ne6 24. f5 Ng5 25. h4 Nh7 26. Bd4 Bxb4 27. a3 c5 28.
axb4 cxd4 29. Nf3 Rc8 30. Rc1 Rc3 31. Nxd4 Qc7 32. f6 Nf8 33. Qd2 Rc8 34. fxg7
Ng6 35. h5 Qb6 36. hxg6 Rxc2 37. Rxc2 Rxc2 38. gxf7+ Kxg7 39. Qxc2 Qxd4+ 40.
Qf2 Qxf2+ 41. Kxf2 Kxf7 42. Rc1 1-0

[Event "XIII Festival A"]
[Site "Trieste ITA"]
[Date "2011.09.04"]
[Round "2"]
[White "Rossi, Carlo"]
[Black "Schwarzmeier, Klaus"]
[WhiteElo "2346"]
[BlackElo "2020"]
[Result "0-1"]
[PlyCount "94"]
[EventDate "2011.09.03"]

1. e4 e6 2. Bb5 a6 3. Ba4 b5 4. Bb3 Bb7 5. d3 d5 6. Qe2 Nf6 7. e5 Nfd7 8. d4 c5
9. c3 Nc6 10. Nf3 Qb6 11. Be3 a5 12. O-O Ba6 13. Rc1 Be7 14. Nbd2 cxd4 15. cxd4
b4 16. Qd1 Bd3 17. Ba4 Rc8 18. Nb3 Bb5 19. Bxb5 Qxb5 20. Bg5 Bf8 21. Qf1 Qb6
22. Qd3 h6 23. Be3 Be7 24. a4 bxa3 25. bxa3 a4 26. Nbd2 O-O 27. Rab1 Qa7 28.
Rc3 Na5 29. Rbc1 Rxc3 30. Rxc3 Nb6 31. h4 Nac4 32. g4 Nxd2 33. Bxd2 Nc4 34. g5
hxg5 35. Bxg5 f6 36. exf6 Bxf6 37. Bxf6 gxf6 38. Nd2 Nd6 39. Qe2 Kf7 40. Qh5+
Ke7 41. Qg4 Nf5 42. Nf3 Qb8 43. Kh1 Rg8 44. Rc7+ Qxc7 45. Qxg8 Qf4 46. Qh7+ Kd6
47. Qh5 Ng7 0-1

[Event "XIII Festival A"]
[Site "Trieste ITA"]
[Date "2011.09.04"]
[Round "2"]
[White "Suc, Timothy"]
[Black "Spiesberger, Gerhard"]
[WhiteElo "2053"]
[BlackElo "2149"]
[Result "1-0"]
[PlyCount "85"]
[EventDate "2011.09.03"]

1. e4 d5 2. exd5 Qxd5 3. Nf3 Bg4 4. Be2 Bxf3 5. Bxf3 Qe5+ 6. Be2 Nc6 7. c3 Nf6
8. d4 Qd6 9. Qb3 O-O-O 10. Be3 Qd5 11. Bf3 Qxb3 12. axb3 Nd5 13. O-O e6 14. Nd2
Be7 15. Nc4 Bf6 16. Bd2 a6 17. Ne3 Bg5 18. Nxd5 Bxd2 19. Ne3 Ne7 20. Rfd1 Bxe3
21. fxe3 c6 22. e4 f5 23. exf5 exf5 24. Re1 Rhe8 25. Re5 Kd7 26. Kf2 g6 27.
Rae1 Ng8 28. Rxe8 Rxe8 29. Rxe8 Kxe8 30. d5 Kd7 31. dxc6+ bxc6 32. b4 Kc7 33.
Ke3 Nf6 34. Kf4 Kd6 35. Be2 Nd5+ 36. Kg5 Nb6 37. Kh6 Na4 38. Kxh7 Nxb2 39. Kxg6
Na4 40. h4 Nxc3 41. h5 Nxe2 42. h6 Nf4+ 43. Kxf5 1-0

[Event "XIII Festival A"]
[Site "Trieste ITA"]
[Date "2011.09.04"]
[Round "2"]
[White "Timoshenko, Georgy"]
[Black "Ceschia, Ivano"]
[WhiteElo "2572"]
[BlackElo "2316"]
[Result "1-0"]
[PlyCount "123"]
[EventDate "2011.09.03"]

1. e4 c5 2. Nf3 e6 3. d4 cxd4 4. Nxd4 a6 5. Bd3 Nf6 6. O-O Qc7 7. c4 h5 8. h3
Bc5 9. Nb3 Ba7 10. Re1 Nc6 11. Be3 Bxe3 12. Rxe3 Ne5 13. Nc3 b6 14. Bf1 Bb7 15.
Rc1 d6 16. f4 Ng6 17. Qf3 h4 18. Qf2 e5 19. Nd5 Nxd5 20. cxd5 Qd8 21. fxe5 Nxe5
22. Nd4 O-O 23. Nf5 Rc8 24. Rxc8 Bxc8 25. Nxh4 b5 26. Rg3 Re8 27. Kh2 Qe7 28.
b3 Ng4+ 29. Rxg4 Bxg4 30. hxg4 Qxe4 31. Qf3 Qh7 32. Kg3 Qb1 33. Nf5 Qe1+ 34.
Kh2 g6 35. Nxd6 Qe5+ 36. Qg3 Qh8+ 37. Kg1 Qd4+ 38. Qf2 Qxf2+ 39. Kxf2 Rd8 40.
Ne4 Kg7 41. Nc5 a5 42. Nb7 Rxd5 43. Nxa5 Rd2+ 44. Kf3 Rxa2 45. Nc6 Rc2 46. Nd4
Rc3+ 47. Kf4 b4 48. Bc4 f6 49. Ne6+ Kh6 50. Nc5 Rc2 51. g3 Rf2+ 52. Ke3 Rc2 53.
Nd3 Rc3 54. Kf4 g5+ 55. Ke4 Kg7 56. Kd4 Kf8 57. Kc5 Rc2 58. Nxb4 Rg2 59. Nc6
Ke8 60. b4 Kd7 61. b5 Kc8 62. b6 1-0

[Event "XIII Festival A"]
[Site "Trieste ITA"]
[Date "2011.09.04"]
[Round "3"]
[White "Bensch, Patrick"]
[Black "Cebalo, Miso"]
[WhiteElo "2175"]
[BlackElo "2478"]
[Result "0-1"]
[PlyCount "66"]
[EventDate "2011.09.03"]

1. e4 c5 2. Nf3 d6 3. d4 cxd4 4. Nxd4 Nf6 5. Nc3 g6 6. Be3 Bg7 7. f3 a6 8. Qd2
Nbd7 9. a4 b6 10. Bc4 Bb7 11. O-O O-O 12. Rfd1 Qc7 13. Bd5 Rac8 14. Rac1 Rfe8
15. Qf2 Qb8 16. Nde2 Nxd5 17. exd5 Ba8 18. Bd4 b5 19. axb5 axb5 20. Bxg7 Kxg7
21. b3 Nf6 22. Ne4 b4 23. Qd4 Bxd5 24. Nxf6 exf6 25. Nf4 Be6 26. Qxd6 Qxd6 27.
Rxd6 Bxb3 28. Rb1 Rxc2 29. h4 Rc4 30. Nd5 Ba2 31. Nxf6 Re6 32. Rxe6 fxe6 33.
Rb2 b3 0-1

[Event "XIII Festival A"]
[Site "Trieste ITA"]
[Date "2011.09.04"]
[Round "3"]
[White "Castelfranchi, Carlo"]
[Black "Spiesberger, Gerhard"]
[WhiteElo "2057"]
[BlackElo "2149"]
[Result "1/2-1/2"]
[PlyCount "74"]
[EventDate "2011.09.03"]

1. e4 e5 2. Nf3 Nf6 3. Nxe5 d6 4. Nf3 Nxe4 5. Qe2 Qe7 6. d3 Nf6 7. Bg5 Qxe2+ 8.
Bxe2 Be7 9. Nc3 c6 10. O-O-O O-O 11. Ne4 Nbd7 12. Rhe1 d5 13. Ng3 h6 14. Nf5
Re8 15. Nxe7+ Rxe7 16. Bh4 g5 17. Bg3 Nf8 18. Nd4 Bd7 19. Bd6 Ree8 20. h3 Ng6
21. Bf1 b6 22. Nf3 Re6 23. Rxe6 fxe6 24. Re1 a5 25. Ne5 Nxe5 26. Bxe5 Nh7 27.
f4 Rf8 28. fxg5 Nxg5 29. h4 Nf7 30. Bf6 Re8 31. g4 e5 32. Bg2 e4 33. g5 hxg5
34. hxg5 Nd6 35. dxe4 Nxe4 36. Bxe4 dxe4 37. Kd2 Bg4 1/2-1/2

[Event "XIII Festival A"]
[Site "Trieste ITA"]
[Date "2011.09.04"]
[Round "3"]
[White "Ceschia, Ivano"]
[Black "Hansen, Victor"]
[WhiteElo "2316"]
[BlackElo "2123"]
[Result "1-0"]
[PlyCount "93"]
[EventDate "2011.09.03"]

1. e4 c6 2. d4 d5 3. e5 c5 4. dxc5 Nc6 5. Nf3 Bg4 6. h3 Bxf3 7. Qxf3 Nxe5 8.
Bb5+ Nc6 9. O-O e6 10. b4 Be7 11. Bb2 Bf6 12. Bxf6 Nxf6 13. Nd2 O-O 14. Bxc6
bxc6 15. Nb3 Ne4 16. Qd3 Qb8 17. a3 Rc8 18. Rfe1 a5 19. f3 Ng5 20. h4 Nh3+ 21.
gxh3 Qg3+ 22. Kf1 Qxh3+ 23. Ke2 Qh2+ 24. Kd1 axb4 25. a4 Qxh4 26. Qd4 Qg3 27.
Qg4 Qxg4 28. fxg4 Re8 29. g5 e5 30. Kd2 Ra6 31. a5 f5 32. gxf6 gxf6 33. Rg1+
Kf7 34. Rh1 Ke6 35. Rxh7 Rg8 36. Re1 d4 37. Nxd4+ Kd5 38. Nb3 Rg4 39. Rd7+ Kc4
40. Rf1 Rg2+ 41. Kc1 Ra8 42. Rxf6 Rh8 43. Rfd6 e4 44. Nd2+ Kxc5 45. Nxe4+ Kb5
46. Rb7+ Kc4 47. Rc7 1-0

[Event "XIII Festival A"]
[Site "Trieste ITA"]
[Date "2011.09.04"]
[Round "3"]
[White "Franca, Veronika"]
[Black "Bozza, Stefano"]
[WhiteElo "1833"]
[BlackElo "1833"]
[Result "1/2-1/2"]
[PlyCount "76"]
[EventDate "2011.09.03"]

1. d4 Nf6 2. c4 e6 3. Nc3 c5 4. d5 exd5 5. cxd5 d6 6. e4 g6 7. Nf3 Bg4 8. Be2
Bxf3 9. Bxf3 Bg7 10. O-O O-O 11. g3 a6 12. a4 Nbd7 13. Bg2 Rb8 14. Qe2 Re8 15.
Re1 Qc7 16. Bf1 Nb6 17. Qd3 c4 18. Qd1 Nbd7 19. Qe2 Nb6 20. a5 Nbxd5 21. Nxd5
Nxd5 22. Qxc4 Qxc4 23. Bxc4 Nb4 24. Re2 d5 25. Ra4 dxc4 26. Rxb4 c3 27. f3 Rec8
28. Rb3 Rc5 29. bxc3 Bxc3 30. Be3 Rc6 31. Bf4 Rbc8 32. Rxb7 Bxa5 33. Ra2 Bc3
34. Kf1 a5 35. Ra7 Bb4 36. Bd2 Rc2 37. Rxc2 Rxc2 38. Bxb4 axb4 1/2-1/2

[Event "XIII Festival A"]
[Site "Trieste ITA"]
[Date "2011.09.04"]
[Round "3"]
[White "Golod, Vitali"]
[Black "Gikas, Andreas Basilius"]
[WhiteElo "2579"]
[BlackElo "2192"]
[Result "1-0"]
[PlyCount "63"]
[EventDate "2011.09.03"]

1. d4 d5 2. c4 c6 3. Nf3 Nf6 4. e3 Bg4 5. h3 Bh5 6. Nc3 e6 7. g4 Bg6 8. Ne5
Nfd7 9. Nxg6 hxg6 10. e4 dxe4 11. Nxe4 Nf6 12. Nc3 Be7 13. Bg2 Nbd7 14. Qe2 Nb6
15. Be3 Kf8 16. O-O-O Qc7 17. Kb1 Rd8 18. f4 Rd7 19. Rc1 Qd8 20. Rhd1 Kg8 21.
a3 Qb8 22. Rd2 Kh7 23. Bf3 Kg8 24. Qf1 Qd8 25. Rcd1 Nc8 26. d5 exd5 27. cxd5 c5
28. d6 Bxd6 29. g5 Ne8 30. Bg4 Re7 31. Bxc5 Qa5 32. Bb4 1-0

[Event "XIII Festival A"]
[Site "Trieste ITA"]
[Date "2011.09.04"]
[Round "3"]
[White "Grigorov, Grigor"]
[Black "Mertens, Heiko"]
[WhiteElo "2484"]
[BlackElo "2354"]
[Result "1/2-1/2"]
[PlyCount "93"]
[EventDate "2011.09.03"]

1. d4 Nf6 2. c4 e6 3. Nf3 b6 4. g3 Bb7 5. Bg2 c5 6. d5 exd5 7. Nh4 g6 8. O-O
Bg7 9. cxd5 d6 10. Nc3 O-O 11. e4 Re8 12. Re1 Na6 13. Bf4 Nh5 14. Be3 Nc7 15.
Nf5 Bh8 16. Nh6+ Kf8 17. g4 Nf6 18. Qf3 Qd7 19. Bf4 Re7 20. Qg3 Nce8 21. Bg5
Re5 22. h4 Ng8 23. f4 Rxg5 24. hxg5 Nxh6 25. gxh6 Bd4+ 26. Kh1 b5 27. Rab1 Nf6
28. g5 Nh5 29. Qf3 b4 30. Ne2 Bh8 31. Bh3 Qa4 32. f5 Be5 33. fxg6 hxg6 34. Bg4
Kg8 35. Bxh5 gxh5 36. Nf4 Qc2 37. g6 fxg6 38. Qg3 Rf8 39. Qxg6+ Kh8 40. Rg1 Qf2
41. Qg7+ Bxg7 42. hxg7+ Kg8 43. gxf8=Q+ Kxf8 44. Rbf1 Qh4+ 45. Nh3+ Ke8 46. Kh2
Qe7 47. Rg8+ 1/2-1/2

[Event "XIII Festival A"]
[Site "Trieste ITA"]
[Date "2011.09.04"]
[Round "3"]
[White "Laco, Giuseppe"]
[Black "Kragelj, Igor"]
[WhiteElo "2116"]
[BlackElo "2219"]
[Result "1/2-1/2"]
[PlyCount "36"]
[EventDate "2011.09.03"]

1. c4 c5 2. Nc3 Nc6 3. f4 g6 4. g3 Bg7 5. Bg2 e6 6. e4 d6 7. Nge2 Nge7 8. d3
O-O 9. O-O Bd7 10. h3 Rb8 11. Kh2 a6 12. a4 Nd4 13. Nxd4 cxd4 14. Ne2 a5 15.
Rb1 Bc6 16. b3 f5 17. Ba3 Qd7 18. Qd2 Qc7 1/2-1/2

[Event "XIII Festival A"]
[Site "Trieste ITA"]
[Date "2011.09.04"]
[Round "3"]
[White "Milazzo, Mario"]
[Black "Fruehauf, Norbert"]
[WhiteElo "2077"]
[BlackElo "2078"]
[Result "1-0"]
[PlyCount "89"]
[EventDate "2011.09.03"]

1. c4 e5 2. Nc3 Nf6 3. g3 Nc6 4. Bg2 Bb4 5. e4 O-O 6. Nge2 d6 7. O-O h6 8. h3
a6 9. d3 Bc5 10. Kh2 g5 11. Bd2 Kg7 12. Nd5 Nxd5 13. cxd5 Ne7 14. f4 f6 15. Bc3
Ng6 16. d4 Bb6 17. dxe5 fxe5 18. fxe5 dxe5 19. Qd2 Bd7 20. b3 Qe7 21. Bb4 Bc5
22. Bxc5 Qxc5 23. Rac1 Qd6 24. Qc2 Rxf1 25. Rxf1 Bb5 26. Rc1 Bxe2 27. Qxe2 Rf8
28. Qe3 Rf7 29. Bf3 Qa3 30. Rc2 Qa5 31. Kg2 Qb5 32. Be2 Qb4 33. Bh5 Qb5 34. Rf2
Rxf2+ 35. Qxf2 Qd7 36. Bxg6 Kxg6 37. Qf8 a5 38. Qg8+ Kf6 39. Qh8+ Qg7 40. Qc8
Qe7 41. Qxb7 Qc5 42. Qa6+ Kg7 43. Qc4 Qe7 44. Qc3 g4 45. hxg4 1-0

[Event "XIII Festival A"]
[Site "Trieste ITA"]
[Date "2011.09.04"]
[Round "3"]
[White "Narayanan, Srinath"]
[Black "Doric, Darko"]
[WhiteElo "2336"]
[BlackElo "2504"]
[Result "1/2-1/2"]
[PlyCount "24"]
[EventDate "2011.09.03"]

1. e4 c6 2. d4 d5 3. Nc3 dxe4 4. Nxe4 Bf5 5. Ng3 Bg6 6. h4 h6 7. Nf3 Nd7 8. h5
Bh7 9. Bd3 Bxd3 10. Qxd3 e6 11. Bd2 Ngf6 12. O-O-O Qc7 1/2-1/2

[Event "XIII Festival A"]
[Site "Trieste ITA"]
[Date "2011.09.04"]
[Round "3"]
[White "Oparin, Grigoriy"]
[Black "Martinsen, Stig K."]
[WhiteElo "2413"]
[BlackElo "2173"]
[Result "1-0"]
[PlyCount "65"]
[EventDate "2011.09.03"]

1. e4 d6 2. d4 Nf6 3. Nc3 g6 4. f4 Bg7 5. Nf3 O-O 6. Bd3 Na6 7. O-O c5 8. d5
Bg4 9. h3 Bxf3 10. Rxf3 Nc7 11. a4 e6 12. dxe6 fxe6 13. Be3 Qe7 14. Bf2 Nh5 15.
g3 Bd4 16. Ne2 Bxf2+ 17. Rxf2 e5 18. Bc4+ Kh8 19. Qd3 exf4 20. Nxf4 Nf6 21.
Raf1 Kg7 22. Qc3 Qe5 23. Qxe5 dxe5 24. Nd3 b6 25. g4 Rac8 26. Nxe5 Nxe4 27.
Rf7+ Rxf7 28. Rxf7+ Kh6 29. Re7 Kg5 30. Nf7+ Kf4 31. Rxe4+ Kxe4 32. Nd6+ Kd4
33. c3+ 1-0

[Event "XIII Festival A"]
[Site "Trieste ITA"]
[Date "2011.09.04"]
[Round "3"]
[White "Pasquotto, Mirko"]
[Black "Rossi, Carlo"]
[WhiteElo "1899"]
[BlackElo "2346"]
[Result "0-1"]
[PlyCount "84"]
[EventDate "2011.09.03"]

1. d4 Nc6 2. c4 e5 3. d5 Nce7 4. e4 Ng6 5. Nf3 Nf6 6. Bd3 Bc5 7. O-O O-O 8. Nc3
a5 9. a3 d6 10. Rb1 Bd7 11. b4 axb4 12. axb4 Bb6 13. Qc2 Nh5 14. Bg5 Qc8 15.
Ne2 h6 16. Be3 Ba7 17. Ra1 Bxe3 18. fxe3 Rxa1 19. Rxa1 c5 20. b5 Nf6 21. Ng3
Bg4 22. Qf2 Re8 23. Nd2 Ne7 24. h3 Bd7 25. Nf3 Ng6 26. Nd2 Qc7 27. Nf5 Bxf5 28.
exf5 e4 29. fxg6 exd3 30. gxf7+ Qxf7 31. Qf3 Qe7 32. e4 Qe5 33. Rf1 Qc3 34. Rf2
Qa1+ 35. Kh2 Qe5+ 36. Kg1 Nxe4 37. Nxe4 Qxe4 38. Qxe4 Rxe4 39. Rd2 Rxc4 40.
Rxd3 Rb4 41. Re3 Rxb5 42. Re6 c4 0-1

[Event "XIII Festival A"]
[Site "Trieste ITA"]
[Date "2011.09.04"]
[Round "3"]
[White "Samuelli, Daniele"]
[Black "Butala, Marjan"]
[WhiteElo "1940"]
[BlackElo "2074"]
[Result "1-0"]
[PlyCount "43"]
[EventDate "2011.09.03"]

1. e4 e5 2. Nf3 Nc6 3. d4 exd4 4. Bc4 Be7 5. c3 Nf6 6. e5 Ne4 7. Bd5 Ng5 8.
Nxg5 Nxe5 9. cxd4 Bxg5 10. dxe5 Bxc1 11. Qxc1 c6 12. Bb3 O-O 13. O-O d5 14.
exd6 Qxd6 15. Nc3 Bf5 16. Qg5 g6 17. h3 Kg7 18. Rad1 Qb4 19. Qe3 Rfd8 20. Qe5+
Kg8 21. Qf6 Rf8 22. Rd4 1-0

[Event "XIII Festival A"]
[Site "Trieste ITA"]
[Date "2011.09.04"]
[Round "3"]
[White "Schwarzmeier, Klaus"]
[Black "Baklan, Vladimir"]
[WhiteElo "2020"]
[BlackElo "2617"]
[Result "0-1"]
[PlyCount "98"]
[EventDate "2011.09.03"]

1. c4 Nf6 2. g3 g6 3. Bg2 Bg7 4. Nc3 O-O 5. Nf3 c6 6. O-O d5 7. cxd5 cxd5 8. d4
e6 9. Ne5 Nfd7 10. Nxd7 Bxd7 11. e3 Bc6 12. b4 a6 13. a4 Nd7 14. b5 axb5 15.
Ba3 b4 16. Bxb4 Re8 17. Qb3 Nb6 18. Rfd1 f5 19. Bf1 Qd7 20. a5 Nc4 21. Na4 Bxa4
22. Rxa4 Nb2 23. Qxb2 Qxa4 24. Ra1 Qd7 25. Bc5 Rec8 26. Qb4 Bf8 27. Rc1 Bxc5
28. dxc5 Qc7 29. h4 Rxa5 30. h5 Rxc5 31. Rxc5 Qxc5 32. Qxb7 gxh5 33. Qd7 Qc6
34. Qe7 Qe8 35. Qh4 Qg6 36. Be2 h6 37. Kg2 Qg5 38. Qa4 Rf8 39. Qd7 Qg6 40. Kh3
Kh8 41. Qd6 Rg8 42. Qe5+ Kh7 43. Qd4 Rg7 44. Kh2 Qg5 45. Qe5 h4 46. g4 fxg4 47.
Bd3+ Kh8 48. Qb8+ Rg8 49. Qc7 Qg7 0-1

[Event "XIII Festival A"]
[Site "Trieste ITA"]
[Date "2011.09.04"]
[Round "3"]
[White "Srebrnic, Vojko"]
[Black "Suc, Timothy"]
[WhiteElo "2244"]
[BlackElo "2053"]
[Result "1-0"]
[PlyCount "93"]
[EventDate "2011.09.03"]

1. e4 d6 2. Nc3 Nf6 3. f4 g6 4. Nf3 Bg7 5. g3 O-O 6. Bg2 c5 7. O-O Nc6 8. d3
Bg4 9. h3 Bxf3 10. Qxf3 Nd4 11. Qf2 Nd7 12. Nd1 b5 13. c3 Nc6 14. Be3 Qb6 15.
Qd2 a5 16. Rc1 b4 17. Nf2 a4 18. c4 a3 19. b3 Rae8 20. Ng4 Nd4 21. Nh2 Nb8 22.
h4 h5 23. f5 Nd7 24. g4 hxg4 25. Nxg4 Ne5 26. Nxe5 dxe5 27. Bxd4 exd4 28. Qg5
Kh7 29. Rc2 Bh6 30. Qg4 Rg8 31. Kh1 e5 32. fxe6 Qxe6 33. Qxe6 fxe6 34. Bh3 e5
35. Rf7+ Rg7 36. Rf6 Ree7 37. h5 Bf4 38. hxg6+ Kh6 39. Bf5 Kg5 40. Rf8 Be3 41.
Kg2 Kf4 42. Rh8 Kg5 43. Kf3 Rc7 44. Rf8 Rge7 45. Rg2+ Kh6 46. Rg8 Bf4 47. Kg4
1-0

[Event "XIII Festival A"]
[Site "Trieste ITA"]
[Date "2011.09.04"]
[Round "3"]
[White "Tonel, Giulia"]
[Black "De Val, Daniele"]
[WhiteElo "1923"]
[BlackElo "2220"]
[Result "0-1"]
[PlyCount "64"]
[EventDate "2011.09.03"]

1. e4 e6 2. d3 c5 3. Nd2 Nc6 4. Ngf3 g6 5. g3 Bg7 6. Bg2 Nge7 7. O-O O-O 8. Re1
e5 9. Nc4 d6 10. a4 h6 11. c3 Be6 12. b3 f5 13. Bb2 Qc7 14. Qe2 Rae8 15. Rad1
d5 16. exd5 Bxd5 17. Nfd2 Bxg2 18. Kxg2 Nd5 19. Ne3 Nf6 20. Nec4 Rf7 21. Qe3 b6
22. f4 Rfe7 23. Qf3 exf4 24. Rxe7 Qxe7 25. gxf4 Qe2+ 26. Qxe2 Rxe2+ 27. Kf3
Rxh2 28. Nf1 Rh3+ 29. Kg2 Rh4 30. Ne5 Ne7 31. Kg3 g5 32. Ne3 Nh5+ 0-1

[Event "XIII Festival A"]
[Site "Trieste ITA"]
[Date "2011.09.04"]
[Round "3"]
[White "Volkov, Sergey"]
[Black "Banusz, Tamas"]
[WhiteElo "2614"]
[BlackElo "2552"]
[Result "1-0"]
[PlyCount "77"]
[EventDate "2011.09.03"]

1. d4 d5 2. c4 c6 3. Nf3 Nf6 4. e3 Bg4 5. Qb3 Qb6 6. Nc3 e6 7. Nh4 Bh5 8. h3 g5
9. Nf3 h6 10. Bd3 Rg8 11. Qc2 Nbd7 12. b3 Bg6 13. Bxg6 Rxg6 14. Bb2 h5 15. Nd2
g4 16. hxg4 hxg4 17. g3 Qc7 18. O-O-O O-O-O 19. Kb1 Kb8 20. e4 Nxe4 21. Ndxe4
dxe4 22. Qxe4 Ka8 23. Qe3 Bb4 24. Ne2 Bd6 25. Nf4 Bxf4 26. gxf4 Rgg8 27. Rh5
Nf8 28. f5 e5 29. Rhh1 exd4 30. Rxd4 Rc8 31. Re4 g3 32. fxg3 Rxg3 33. Qe2 Qd7
34. Rf1 Rd3 35. Re7 Qd6 36. Rxf7 Rd2 37. Qe3 Qh2 38. Be5 Qh5 39. Rxf8 1-0

[Event "XIII Festival A"]
[Site "Trieste ITA"]
[Date "2011.09.05"]
[Round "4"]
[White "Baklan, Vladimir"]
[Black "Doric, Darko"]
[WhiteElo "2617"]
[BlackElo "2504"]
[Result "1-0"]
[PlyCount "133"]
[EventDate "2011.09.03"]

1. e4 c6 2. d4 d5 3. e5 Bf5 4. Nf3 e6 5. Be2 c5 6. O-O Nc6 7. c3 cxd4 8. Nxd4
Nge7 9. Bg5 Nxd4 10. cxd4 Qd7 11. Nc3 Nc6 12. Rc1 h6 13. Be3 Be7 14. Na4 O-O
15. Nc5 Bxc5 16. Rxc5 Rfc8 17. Qd2 Rc7 18. Rfc1 Rac8 19. Bb5 a6 20. Ba4 b5 21.
Bd1 Nd8 22. Rxc7 Rxc7 23. h4 Rxc1 24. Qxc1 Qc6 25. Qd2 Qb7 26. Qb4 Nc6 27. Qd6
Bb1 28. a3 Kh7 29. Kh2 Ne7 30. g4 Bd3 31. Qc5 Kg8 32. h5 Be4 33. Kg3 Bd3 34. f3
Kh8 35. Kg2 Kg8 36. Bf2 Kh8 37. Bh4 Ng8 38. Kf2 f6 39. Ke3 Bb1 40. exf6 gxf6
41. Qf8 Kh7 42. Bxf6 Nxf6 43. Qxf6 Qc7 44. Kd2 Qh2+ 45. Be2 Qc7 46. Ke1 Qc1+
47. Kf2 Qd2 48. Qe7+ Kh8 49. Qd8+ Kg7 50. Qc7+ Kf6 51. Qe5+ Kf7 52. f4 Qxb2 53.
g5 hxg5 54. fxg5 Ke7 55. g6 Qc1 56. Qg7+ Kd6 57. Qf8+ Kd7 58. Qf7+ Kd6 59. Qf8+
Kd7 60. g7 Bh7 61. g8=Q Bxg8 62. Qxg8 Qf4+ 63. Kg2 Qe4+ 64. Bf3 Qxd4 65. Qf7+
Kd6 66. Qf8+ Kd7 67. h6 1-0

[Event "XIII Festival A"]
[Site "Trieste ITA"]
[Date "2011.09.05"]
[Round "4"]
[White "Banusz, Tamas"]
[Black "Oparin, Grigoriy"]
[WhiteElo "2552"]
[BlackElo "2413"]
[Result "0-1"]
[PlyCount "114"]
[EventDate "2011.09.03"]

1. d4 d5 2. Nf3 Nf6 3. c4 e6 4. g3 Bb4+ 5. Bd2 Be7 6. Bg2 O-O 7. O-O c6 8. Bf4
b6 9. Nc3 Bb7 10. Rc1 Nbd7 11. cxd5 exd5 12. a3 a5 13. Re1 Re8 14. Qb3 Nf8 15.
Na4 N6d7 16. Ne5 b5 17. e4 Nxe5 18. Bxe5 dxe4 19. Bxe4 Nd7 20. Nc3 Bf6 21. Red1
Bxe5 22. dxe5 Rxe5 23. Qc2 Qe7 24. f4 Qc5+ 25. Kg2 Re7 26. Bxh7+ Kf8 27. Be4
Nf6 28. Bf3 Rae8 29. g4 Qe3 30. g5 Ng8 31. Qd2 Qxd2+ 32. Rxd2 c5 33. Nxb5 Re2+
34. Rxe2 Rxe2+ 35. Kg3 Rxb2 36. Rxc5 Rb3 37. Nd4 Rxa3 38. Rb5 Bc8 39. Rb8 Ne7
40. Kf2 Ke8 41. h4 Ra2+ 42. Be2 Kd7 43. h5 Kc7 44. Rb3 Nf5 45. Rc3+ Kd6 46.
Nb5+ Kd7 47. Rc7+ Kd8 48. Rxf7 Bd7 49. Rf8+ Ke7 50. Rb8 Bxb5 51. Rxb5 Rxe2+ 52.
Kxe2 Nd4+ 53. Kd3 Nxb5 54. Kc4 Nd6+ 55. Kc5 Nf7 56. Kd5 a4 57. h6 Nxh6 0-1

[Event "XIII Festival A"]
[Site "Trieste ITA"]
[Date "2011.09.05"]
[Round "4"]
[White "Bozza, Stefano"]
[Black "Bensch, Patrick"]
[WhiteElo "1833"]
[BlackElo "2175"]
[Result "0-1"]
[PlyCount "90"]
[EventDate "2011.09.03"]

1. e4 c5 2. Nf3 Nc6 3. d4 cxd4 4. Nxd4 e6 5. Be3 Qc7 6. Be2 a6 7. O-O Nf6 8.
Nc3 Bb4 9. f3 Bxc3 10. bxc3 d5 11. Bd3 e5 12. Ne2 dxe4 13. Bxe4 Be6 14. Ng3 O-O
15. Qe1 Nd5 16. Bxd5 Bxd5 17. f4 Rfe8 18. Qf2 exf4 19. Bxf4 Qa5 20. Bd2 Qa4 21.
Nf5 Qg4 22. Ne3 Qe6 23. Qg3 Be4 24. a3 Rad8 25. Rf2 Ne5 26. Raf1 Qg6 27. Qxg6
hxg6 28. Bc1 f5 29. Bb2 b5 30. Re1 Rd7 31. Rfe2 Red8 32. h3 Kf7 33. Kf2 Rc8 34.
Nf1 Nc4 35. Bc1 Nb6 36. Ng3 Rxc3 37. Nxe4 fxe4 38. Rxe4 Rxc2+ 39. R4e2 Rxe2+
40. Rxe2 Nc4 41. g4 b4 42. Rc2 Rd4 43. Be3 b3 44. Rc3 b2 45. Rb3 Rd1 0-1

[Event "XIII Festival A"]
[Site "Trieste ITA"]
[Date "2011.09.05"]
[Round "4"]
[White "Butala, Marjan"]
[Black "Pasquotto, Mirko"]
[WhiteElo "2074"]
[BlackElo "1899"]
[Result "0-1"]
[PlyCount "130"]
[EventDate "2011.09.03"]

1. e4 c5 2. Nc3 Nc6 3. g3 d6 4. Bg2 Nf6 5. Nge2 e6 6. d3 Be7 7. O-O a6 8. a4
O-O 9. h3 Qc7 10. f4 b6 11. Be3 Bb7 12. g4 Rad8 13. g5 Ne8 14. Ng3 Nb4 15. h4
d5 16. exd5 Nxd5 17. Nxd5 Bxd5 18. Qe2 g6 19. Ne4 f5 20. Nc3 Bxg2 21. Kxg2 Ng7
22. Bd2 Bd6 23. Rae1 Rfe8 24. Qf3 Qb8 25. Rf2 Bc7 26. b3 Nh5 27. Kg1 Rd4 28.
Ne2 Rdd8 29. Nc3 Rd4 30. Ne2 Rdd8 31. Ng3 Nxg3 32. Qxg3 e5 33. fxe5 Bxe5 34.
Bf4 Bxf4 35. Rxe8+ Rxe8 36. Qxf4 Re1+ 37. Kg2 Qxf4 38. Rxf4 Re2+ 39. Rf2 Rxf2+
40. Kxf2 Kf7 41. Ke3 Ke6 42. Kf4 Kd5 43. c3 b5 44. axb5 axb5 45. Ke3 b4 46.
cxb4 cxb4 47. d4 f4+ 48. Kxf4 Kxd4 49. h5 gxh5 50. Kg3 Kc3 51. Kh4 Kxb3 52.
Kxh5 Kc3 53. Kh6 b3 54. Kxh7 b2 55. g6 b1=Q 56. Kh8 Qb6 57. Kh7 Qc7+ 58. g7 Qf7
59. Kh8 Qh5+ 60. Kg8 Kd4 61. Kf8 Qf5+ 62. Ke7 Qg6 63. Kf8 Qf6+ 64. Kg8 Ke5 65.
Kh7 Qf7 0-1

[Event "XIII Festival A"]
[Site "Trieste ITA"]
[Date "2011.09.05"]
[Round "4"]
[White "Cebalo, Miso"]
[Black "Grigorov, Grigor"]
[WhiteElo "2478"]
[BlackElo "2484"]
[Result "0-1"]
[PlyCount "76"]
[EventDate "2011.09.03"]

1. c4 Nf6 2. g3 c6 3. Bg2 d5 4. Nf3 dxc4 5. Na3 b5 6. O-O Bb7 7. b3 cxb3 8.
Qxb3 Nbd7 9. Bb2 e6 10. Rfc1 Be7 11. Ne5 Nxe5 12. Bxe5 Qb6 13. Nc2 O-O 14. a4
Ng4 15. Bd4 c5 16. Bxb7 Qxb7 17. h3 cxd4 18. hxg4 Qe4 19. axb5 Qxg4 20. Ra4
Qxe2 21. Nxd4 Qxd2 22. Rd1 Qg5 23. Nc6 Bc5 24. Kg2 Bb6 25. Rd7 Qc5 26. Rf4 Rae8
27. Qb2 f6 28. Qb1 Rf7 29. Rd1 a6 30. Rh1 g6 31. Rh6 f5 32. Qa1 axb5 33. Ne5
Qd5+ 34. Kh2 Ra8 35. Qe1 Rfa7 36. Nxg6 hxg6 37. Rxg6+ Kf7 38. Rh6 Ra1 0-1

[Event "XIII Festival A"]
[Site "Trieste ITA"]
[Date "2011.09.05"]
[Round "4"]
[White "De Val, Daniele"]
[Black "Chatalbashev, Boris"]
[WhiteElo "2220"]
[BlackElo "2566"]
[Result "0-1"]
[PlyCount "76"]
[EventDate "2011.09.03"]

1. c4 Nf6 2. g3 g6 3. Bg2 Bg7 4. Nc3 O-O 5. e4 d6 6. Nge2 c6 7. O-O Nbd7 8. d3
a6 9. a4 a5 10. h3 e5 11. Be3 Nc5 12. f4 b6 13. d4 exd4 14. Nxd4 Qe8 15. e5 Bb7
16. Nb3 dxe5 17. Nxc5 exf4 18. Bxf4 bxc5 19. Qb3 Ba6 20. Rfe1 Qc8 21. Re7 Nh5
22. Rc7 Qd8 23. Rxc6 Nxf4 24. gxf4 Qd4+ 25. Kh1 Bxc4 26. Qb6 Qxf4 27. Rxc5 Rac8
28. Qxa5 Rxc5 29. Qxc5 Be5 30. Qg1 Rb8 31. Nd1 Rb3 32. Ra3 Bd4 33. Qe1 Rxa3 34.
bxa3 Bb3 35. a5 Be5 36. Qg1 Bxd1 37. a6 Bf3 38. a7 Qg3 0-1